Câu hỏi và bài tập hoá học vô cơ Phần Phi kim

Nội dung tài liệu gồm các câu hỏi, bài tập và đáp án về hoá học vô cơ, phần phi kim: các nguyên tố thuộc các nhóm khí trơ, hiđrô, các halogen, ôxi...

Đã lưu trong:
Bibliografiske detaljer
Hovedforfatter: Nguyễn Đức Vận
Format: Bog
Sprog:Vietnamese
Udgivet: H. Khoa học và Kỹ thuật 2012
Tags: Tilføj Tag
Ingen Tags, Vær først til at tagge denne postø!
Thư viện lưu trữ: Thư viện Trường Đại học Nam Cần Thơ
LEADER 01241aam a22002058a 4500
001 NCT_4887
008 121126s2012 ||||||viesd
999 |c 248  |d 248 
020 |c 68000 
082 0 4 |2 23rd ed.  |a 546  |b V121 
100 1 |a Nguyễn Đức Vận 
245 1 0 |a Câu hỏi và bài tập hoá học vô cơ  |b Phần Phi kim  |c Nguyễn Đức Vận 
260 |a H.  |b Khoa học và Kỹ thuật  |c 2012 
300 |a 115tr.  |b hình vẽ, bảng  |c 24cm 
520 3 |a Nội dung tài liệu gồm các câu hỏi, bài tập và đáp án về hoá học vô cơ, phần phi kim: các nguyên tố thuộc các nhóm khí trơ, hiđrô, các halogen, ôxi... 
942 |2 ddc  |c BK 
952 |0 0  |1 0  |2 ddc  |4 0  |6 546_000000000000000_V121  |7 0  |9 1588  |a 000001  |b 000001  |d 2017-10-18  |o 546 V121  |p MD.01534  |r 2017-10-18  |v 68000.00  |w 2017-10-18  |y BK 
952 |0 0  |1 0  |2 ddc  |4 0  |6 546_000000000000000_V121  |7 0  |9 1589  |a 000001  |b 000001  |d 2017-10-18  |o 546 V121  |p MD.01535  |r 2017-10-18  |v 68000.00  |w 2017-10-18  |y BK 
952 |0 0  |1 0  |2 ddc  |4 0  |6 546_000000000000000_V121  |7 0  |9 1594  |a 000001  |b 000001  |d 2017-10-18  |o 546 V121  |p MD.01536  |r 2017-10-18  |v 68000.00  |w 2017-10-18  |y BK 
980 |a Thư viện Trường Đại học Nam Cần Thơ